| 000 | 01749nam a22002657a 4500 | ||
|---|---|---|---|
| 001 | 9572 | ||
| 003 | FISKH | ||
| 005 | 20260123150459.0 | ||
| 008 | 260123b cb ||||| |||| 00| 0 eng d | ||
| 020 | _a9780241480724 | ||
| 040 |
_aFISKH _beng _cFISKH _dFISKH |
||
| 050 | _aPZ7 .B26225 .H | ||
| 082 | _a813.6 | ||
| 100 | _aBarnes, Jennifer Lynn | ||
| 245 |
_aThe hawthorne legacy / _cJennifer Lynn Barnes |
||
| 250 | _aThis edition published in 2023 | ||
| 260 |
_aUnited Kingdom : _bPenguin Books, _c2021. |
||
| 300 |
_a357 pages : _c20 cm |
||
| 490 |
_aThe inheritance games _v2 |
||
| 520 | _aThe Inheritance Games ended with a bombshell, and now heiress Avery Grambs has to pick up the pieces and find the man who might hold the answers to all of her questions including why Tobias Hawthorne left his entire fortune to Avery, a virtual stranger, rather than to his own daughters or grandsons. Thanks to a DNA test, Avery knows that shes not a Hawthorne by blood, but clues pile up hinting at a deeper connection to the family than she had ever imagined. As the mystery grows and the plot thickens, Grayson and Jameson, two of the enigmatic and magnetic Hawthorne grandsons, continue to pull Avery in different directions. And there are threats lurking around every corner, as adversaries emerge who will stop at nothing to see Avery out of the pictureby any means necessary. With nonstop action, aspirational jet-setting, Knives Out-like family intrigue, swoonworthy romance, and billions of dollars hanging in the balance, The Hawthorne Legacy will have you racing through the pages. | ||
| 650 |
_aMystery _vYoung Adult _xFamily _yPuzzles |
||
| 650 |
_aYoung Adult Mystery _vLove Triangle |
||
| 942 |
_2ddc _cBK _n0 |
||
| 999 |
_c9572 _d9572 |
||